Statystyki dla Quiz o Szwecji

Kliknij tutaj aby rozwiązać quiz!

Ogólne statystyki

  • Ten quiz został rozwiązany 522 razy
  • Średni wynik to 11 z 21

Statystyki odpowiedzi

WskazówkaOdpowiedź% Poprawnych
StolicaSztokholm
99%
Wielki sklep meblowyIKEA
92%
Międzynarodowa nagroda za odkrycia
w dziedzinie fizyki, medycyny, literatury itp.
Nagroda {Nobla}
92%
Region, w którego skład wchodzą: Szwecja,
Norwegia i Dania
Skandynawia
90%
WalutaKorona
83%
Duże miasto bardzo blisko DaniiMalmö
75%
Najpopularniejszy zespół muzyczny,
zwycięzca Eurowizji z 1974 roku
ABBA
69%
Główne marki samochodówVolvo
67%
Drugie miasto pod względem wielkościGoteborg
59%
Rodzaj ryby będący często marynowanyŚledź
55%
Główne marki samochodówSaab
47%
Największa wyspaGotlandia
42%
Szwecja po szwedzkuSverige
39%
Zatoka pomiędzy Szwecją i FInlandiąZatoka {Botnicka}
37%
Chrześcijańska część kościoła protestanckiego
popularna w Szwecji
Luteranizm
37%
Nazwisko aktorki Ingrid oraz reżysera Ingmara
(zbieg nazwisk)
Bergman
28%
Najsłynniejsza marka wódkiAbsolut
25%
Most łączący powyższe miasto z KopenhagąMost nad {Sundem}
23%
Tenisista o blond włosach, zwycięzca 5
Wimbledonów z rzędu
Björn Borg
21%
Osoba, która jest celebrowana 13 grudniaŚwięta {Łucja}
21%
Seria książek z Lisbeth SalanderMilenium
17%

Rozkład punktacji

Percentyl według liczby udzielonych odpowiedzi

Procent ludzi z każdym wynikiem

Twoja historia wyników

Nie rozwiązałeś tego quizu